Music Quiz

Random Music or Song Quiz

7 to 1: More Mellow 70's Top 10 Hits Quiz Stats

 Plays Quiz not verified by Sporcle

Support Sporcle.
Go Orange.
Score 0/28 Timer 05:00
0 Plays Today
% Correct
Hopelessly Devoted to You
92.5%
You're the One That I Want
90.5%
Summer Nights
84.1%
Bad, Bad Leroy Brown
83.5%
I Honestly Love You
81%
Blue Bayou
77%
You Don't Mess Around with Jim
76.4%
Baby I'm-a Want You
75.6%
Time in a Bottle
75.2%
Make It with You
70.5%
You're No Good
69.5%
Have You Never Been Mellow
67.9%
Summer Breeze
67.1%
I'll Have to Say I Love You in a Song
64.7%
% Correct
Year of the Cat
64.2%
Everything I Own
62.3%
I Got a Name
61.4%
When Will I Be Loved
61.1%
It's So Easy
61%
If You Love Me (Let Me Know)
57.6%
Diamond Girl
56.5%
If
55.2%
Time Passages
53.7%
Lost Without Your Love
51.6%
It Don't Matter to Me
51%
Please Mr. Please
50.7%
Get Closer
40.5%
Sunshine
33.9%

You're not logged in!

Compare scores with friends on all Sporcle quizzes.
OR
Log In

From the Vault

More Pop Culture Christmas Sweaters

by El_Dandy

Does everything really need its own ugly Christmas sweater?
Remove Ads.
Support Sporcle.
Get the best of Sporcle when you Go Orange. This ad-free experience offers more features, more stats, and more fun while also helping to support Sporcle. Thank you for becoming a member.

Show Comments

Extras

Top Quizzes Today


Score Distribution

Your Account Isn't Verified!

In order to create a playlist on Sporcle, you need to verify the email address you used during registration. Go to your Sporcle Settings to finish the process.

Report this User

Report this user for behavior that violates our Community Guidelines.

Details: